Logo de marque - Statistiques

Statistiques générales
  • Ce quiz a été pris 677 fois
  • Le résultat moyen est 13 sur 20
Statistiques - réponses
Par images Réponse % Correct
Ikea
99%
Nintendo
99%
Monster
95%
France 2
94%
Quick
94%
Coca-Cola
93%
Twitch
92%
Coq sportif
84%
Clairefontaine
65%
RATP
59%
MW2
56%
Xiaomi
56%
Razer
50%
Bugatti
44%
Mclaren
44%
BP
41%
Assemblée nationale
32%
cyberghost vpn
27%
Bosch
24%
Koenigsegg
23%
Aucun quiz correspondant
Distribution des résultats
% des personnes avec chaque résultat
Percentile par nombre de réponses
Votre historique - résultats
Vous n’avez pas pris ce quiz